000 01400nam a2200337 a 4500
001 ebr10493525
003 CaPaEBR
006 m u
007 cr cn|||||||||
008 110826s2011 enka sb 001 0 eng d
010 _z 2011453830
020 _z1848164564
020 _z9781848164567
020 _z9781848164581 (e-book)
040 _aCaPaEBR
_cCaPaEBR
035 _a(OCoLC)754773605
050 1 4 _aP98
_b.L39 2011eb
082 0 4 _a006.3/5
_223
100 1 _aLecomte, Alain,
_d1947-
245 1 0 _aMeaning, logic and ludics
_h[electronic resource] /
_cAlain Lecomte.
260 _aLondon :
_bImperial College Press ;
_aHackensack, N.J. :
_bDistributed by World Scientific Pub. Co. Pte. Ltd.,
_cc2011.
300 _axvii, 369 p. :
_bill.
504 _aIncludes bibliographical references (p. 353-361) and indexes.
505 0 _apt. 1. Truth-conditional meaning -- pt. 2. Logic -- pt. 3. Proof theory applied to linguistics -- pt. 4. Ludics.
533 _aElectronic reproduction.
_bPalo Alto, Calif. :
_cebrary,
_d2011.
_nAvailable via World Wide Web.
_nAccess may be limited to ebrary affiliated libraries.
650 0 _aComputational linguistics.
650 0 _aLogic.
655 7 _aElectronic books.
_2local
710 2 _aebrary, Inc.
856 4 0 _uhttp://site.ebrary.com/lib/rucke/Doc?id=10493525
_zAn electronic book accessible through the World Wide Web; click to view
999 _c126832
_d126832